| 000 | 00417nam a2200145 i 4500 | ||
|---|---|---|---|
| 001 | bg | ||
| 100 | 1 | _aAUGUSTYN, Jan | |
| 245 | 0 |
_aStateczność ogólna elementów konstrukcji stalowych z uwzględnieniem naprężeń spawalniczych / _cJan Augustyn. |
|
| 260 |
_aWarszawa, _c1976. |
||
| 040 | _cBPK | ||
| 041 | _apol | ||
| 080 | _a624.01:621.791:539.3/.6 | ||
| 942 | _cKS | ||
| 008 | s pl f |000 0 pol | ||
| 999 |
_c27563 _d27563 |
||
| 856 |
_uhttp://koha.tu.koszalin.pl/cgi-bin/koha/opac-detail.pl?biblionumber=27563 _yKatalog online BPK |
||